| 000 | 00430cam a2200169ua 4500 | ||
|---|---|---|---|
| 041 |
_aeng _h |
||
| 082 |
_a005.133 _bSUB/PR |
||
| 100 | _aSubramanian, R . | ||
| 245 |
_aProgramming for Basic / _cN SUbramanian. _hTextual Documents |
||
| 250 |
_a3 / _b. |
||
| 260 |
_aAllahabad : _bA H Wheeler & Co Pvt Ltd , _c1987. |
||
| 300 | _a211 ; . | ||
| 504 | _a | ||
| 650 | _aComputer Languages | ||
| 942 | _cBK | ||
| 999 |
_c11322 _d11322 |
||